| 000 | 00807nam a2200193Ii 4500 | ||
|---|---|---|---|
| 003 | JO-AjNU | ||
| 008 | 230605s9999||||xx |||||||||||||| ||und|| | ||
| 040 |
_aJO-AjNU _bara _erda _cJO-AjNU |
||
| 041 | _aara | ||
| 050 | 1 | 4 | _aPJ7692.F8.H35 1992 |
| 100 | 3 |
_aتأليف همنغواني، أرنست ؛ نقله إلى العربية منير البعلبكي, _eauthor _937130 |
|
| 245 | 0 | 0 | _aالشيخ والبحر و ثلوج كليما نجارو للكاتب الأمريكي أرنست همنغواي |
| 264 | 3 | 1 | _aبيروت:دار العلم للملايين،1992 |
| 300 | _a184ص | ||
| 336 |
_atext _btxt _2rdacontent |
||
| 337 |
_aunmediated _bn _2rdamedia |
||
| 338 |
_avolume _bnc _2rdacarrier |
||
| 650 | 4 |
_aقصص مترجمة - الشيخ والبحر و ثلوج كليما نجارو _937131 |
|
| 999 |
_aA15487 _c19055 _d19055 |
||